MyGZULibrary

Women & law in East Africa : (Record no. 4037)

MARC details
000 -LEADER
fixed length control field 01046cam a2200313 a 4500
001 - CONTROL NUMBER
control field 12086532
003 - CONTROL NUMBER IDENTIFIER
control field GZU
005 - DATE AND TIME OF LATEST TRANSACTION
control field 20210311105840.0
008 - FIXED-LENGTH DATA ELEMENTS--GENERAL INFORMATION
fixed length control field 000405s1997 ke b 000 0 eng
010 ## - LIBRARY OF CONGRESS CONTROL NUMBER
LC control number 99502276
020 ## - INTERNATIONAL STANDARD BOOK NUMBER
Canceled/invalid ISBN 9966930000
035 ## - SYSTEM CONTROL NUMBER
System control number (DLC) 99502276
040 ## - CATALOGING SOURCE
Original cataloging agency DLC
Transcribing agency DLC
Modifying agency DLC
042 ## - AUTHENTICATION CODE
Authentication code lcode
043 ## - GEOGRAPHIC AREA CODE
Geographic area code fe-----
050 00 - LIBRARY OF CONGRESS CALL NUMBER
Classification number KQC516.A12
Item number K37 1997
082 00 - DEWEY DECIMAL CLASSIFICATION NUMBER
Classification number 016.34667601/34
Edition number 21
100 1# - MAIN ENTRY--PERSONAL NAME
Personal name Karuru, Njeri.
245 10 - TITLE STATEMENT
Title Women & law in East Africa :
Remainder of title an annotated bibliography /
Statement of responsibility, etc. Njeri Karuru, Agatha Kabugu, editors.
246 3# - VARYING FORM OF TITLE
Title proper/short title Women and law in East Africa
260 ## - PUBLICATION, DISTRIBUTION, ETC.
Place of publication, distribution, etc. [Nairobi :
Name of publisher, distributor, etc. Oracle Media Communications,
Date of publication, distribution, etc. 1997]
300 ## - PHYSICAL DESCRIPTION
Extent iii, 133 p. ;
Dimensions 21 cm.
500 ## - GENERAL NOTE
General note Cover title.
650 #0 - SUBJECT ADDED ENTRY--TOPICAL TERM
Topical term or geographic name entry element Women
General subdivision Legal status, laws, etc.
Geographic subdivision Africa, East
Form subdivision Bibliography..
700 1# - ADDED ENTRY--PERSONAL NAME
Personal name Kabugu, Agatha.
906 ## - LOCAL DATA ELEMENT F, LDF (RLIN)
a 7
b cbc
c origode
d 2
e ncip
f 19
g y-gencatlg
942 ## - ADDED ENTRY ELEMENTS (KOHA)
Source of classification or shelving scheme Library of Congress Classification
Koha item type Books
Classification part 516
Item part KAR
Call number prefix KQC
Call number suffix 1997
Holdings
Withdrawn status Lost status Damaged status Not for loan Collection code Home library Current library Shelving location Date acquired Total Checkouts Full call number Barcode Date last seen Copy number Price effective from Koha item type
        Non-fiction City Campus Library City Campus Library General Stacks 03/11/2021   KQC516 KAR 1997 024862 03/11/2021 c.1 03/11/2021 Books